Normal view
MARC view
Entry Personal Name
001 - CONTROL NUMBER
- control field: 7433
003 - CONTROL NUMBER IDENTIFIER
- control field: HDC
005 - DATE AND TIME OF LATEST TRANSACTION
- control field: 20230624073245.0
008 - FIXED-LENGTH DATA ELEMENTS
- fixed length control field: 210126|| aca||aabn | a|a d
040 ## - CATALOGING SOURCE
- Original cataloging agency: HDC
- Transcribing agency: HDC
100 ## - HEADING--PERSONAL NAME
- Personal name: Park, Mingyu
670 ## - SOURCE DATA FOUND
- Source citation: Work cat.: (HDC): Park, Mingyu, author, A Framework of Halal Industry Support System in non-Muslim Country: A Focus /, 2018
